000 01084cac a2200313 i 4500
003 EG-ScBUE
005 20250126110854.0
008 160526t2004 nyua f 001 0 eng d
020 _a9971513307
040 _aEG-ScBUE
_beng
_erda
_cEG-ScBUE
_dEG-ScBUE
082 0 4 _a530
_bHAL
_222
100 1 _aHalliday, David,
_eauthor.
_918399
245 1 0 _aFundamentals of physics /
_cDavid Halliday, University of Pittsburgh, Robert Resnick, Rensselaer Polytechnic Institute, Jearl Walker, Cleveland State University.
250 _aSixth edition,
_bExtended.
264 1 _aNew York :
_bJohn Wiley & Sons,
_c[2004]
264 4 _cc2004
300 _a1 volume (various pagings) :
_billustrations ;
_c26 cm
336 _2rdacontent
_atext
_btxt
337 _aunmediated
_2rdamedia
_bn
338 _avolume
_bnc
_2rdacarrier
500 _aIncludes index.
500 _aIncludes appendix.
650 7 _aPhysics.
_2BUEsh
_94340
653 _bGGEN
_cJanuary2018
655 _vReading book
700 1 _aResnick, Robert,
_d1923-
_eauthor.
700 1 _aWalker, Jearl,
_d1945-
_eauthor.
942 _cNB
_2ddc
999 _c44
_d44